Clinical Applications Of Nursing Diagnosis : Adult child womens psychiatric gerontic and home health considerations (Record no. 156093)

MARC details
000 -LEADER
fixed length control field 00508nam a2200145Ia 4500
008 - FIXED-LENGTH DATA ELEMENTS--GENERAL INFORMATION
fixed length control field 230411s9999 xx 000 0 und d
020 ## - INTERNATIONAL STANDARD BOOK NUMBER
International Standard Book Number 0-8036-0913-2
041 ## - LANGUAGE CODE
Language code of text/sound track or separate title eng
082 ## - DEWEY DECIMAL CLASSIFICATION NUMBER
Classification number MS/610.73677/COX/HIN/B05572
100 ## - MAIN ENTRY--PERSONAL NAME
Personal name Lubno M Tilley D Cox Helen & Hinz Mittie
9 (RLIN) 178610
245 ## - TITLE STATEMENT
Title Clinical Applications Of Nursing Diagnosis : Adult child womens psychiatric gerontic and home health considerations
260 ## - PUBLICATION, DISTRIBUTION, ETC. (IMPRINT)
Name of publisher, distributor, etc. F A Davis Company
Place of publication, distribution, etc. Philadelphia
Date of publication, distribution, etc. 2002
300 ## - PHYSICAL DESCRIPTION
Extent 752p
Holdings
Withdrawn status Lost status Damaged status Not for loan Collection code Home library Current library Date acquired Vendor Cost, normal purchase price Bill number Total Checkouts Full call number Barcode Date last seen Cost, replacement price Bill Date Koha item type Original Barcode
        MS Smt. Bakul Tambat Institute of Nursing Education Smt. Bakul Tambat Institute of Nursing Education 30/12/2008 A.D.Kansara Pune. 875.00 158   MS 610.73677 COX HIN B05572 BTIN-BK-5572 11/04/2023 875.00 30/12/2008 Books B05572